MyGZULibrary

Understanding critical social psychology / (Record no. 11005)

MARC details
000 -LEADER
fixed length control field 01534cam a2200349 a 4500
003 - CONTROL NUMBER IDENTIFIER
control field GZU
005 - DATE AND TIME OF LATEST TRANSACTION
control field 20231003102918.0
008 - FIXED-LENGTH DATA ELEMENTS--GENERAL INFORMATION
fixed length control field 230915b ||||| |||| 00| 0 eng d
010 ## - LIBRARY OF CONGRESS CONTROL NUMBER
LC control number 2004108290
020 ## - INTERNATIONAL STANDARD BOOK NUMBER
International Standard Book Number 0761954961 (hardcover)
020 ## - INTERNATIONAL STANDARD BOOK NUMBER
International Standard Book Number 076195497X (pbk.)
022 ## - INTERNATIONAL STANDARD SERIAL NUMBER
International Standard Serial Number n/a
040 ## - CATALOGING SOURCE
Original cataloging agency DLC
Transcribing agency DLC
Modifying agency DLC
042 ## - AUTHENTICATION CODE
Authentication code pcc
050 00 - LIBRARY OF CONGRESS CALL NUMBER
Classification number HM1033
Item number TUF 2005
082 00 - DEWEY DECIMAL CLASSIFICATION NUMBER
Classification number 302
Edition number 22
100 1# - MAIN ENTRY--PERSONAL NAME
Personal name Tuffin, Keith.
Relator term author
245 10 - TITLE STATEMENT
Title Understanding critical social psychology /
Statement of responsibility, etc. Keith Tuffin.
260 ## - PUBLICATION, DISTRIBUTION, ETC.
Place of publication, distribution, etc. London ;
-- Thousand Oaks, CA :
Name of publisher, distributor, etc. SAGE Publications,
Date of publication, distribution, etc. 2005.
300 ## - PHYSICAL DESCRIPTION
Extent ix, 204 pages ;
504 ## - BIBLIOGRAPHY, ETC. NOTE
Bibliography, etc. note Includes bibliographical references (p. 178-193) and indexes.
505 ## - FORMATTED CONTENTS NOTE
Formatted contents note n/a
520 ## - SUMMARY, ETC.
Summary, etc. Understanding Critical Social Psychology examines the different approaches to social psychology, and relates these theoretical debates to everyday contemporary issues such as prejudice, racism and politics. In this way, Tuffin offers new insights into old problems<br/>
600 ## - SUBJECT ADDED ENTRY--PERSONAL NAME
Source of heading or term Social psychology
610 ## - SUBJECT ADDED ENTRY--CORPORATE NAME
Source of heading or term Psychology, Social
650 #0 - SUBJECT ADDED ENTRY--TOPICAL TERM
Topical term or geographic name entry element Social psychology.
856 42 - ELECTRONIC LOCATION AND ACCESS
Materials specified Publisher description
Uniform Resource Identifier <a href="http://www.loc.gov/catdir/enhancements/fy0657/2004108290-d.html">http://www.loc.gov/catdir/enhancements/fy0657/2004108290-d.html</a>
856 41 - ELECTRONIC LOCATION AND ACCESS
Materials specified Table of contents only
Uniform Resource Identifier <a href="http://www.loc.gov/catdir/enhancements/fy0657/2004108290-t.html">http://www.loc.gov/catdir/enhancements/fy0657/2004108290-t.html</a>
906 ## - LOCAL DATA ELEMENT F, LDF (RLIN)
a 7
b cbc
c orignew
d 2
e epcn
f 20
g y-gencatlg
942 ## - ADDED ENTRY ELEMENTS (KOHA)
Source of classification or shelving scheme Library of Congress Classification
Koha item type Books
Classification part 1033
Item part TUF
Call number prefix HM
Holdings
Withdrawn status Lost status Source of classification or shelving scheme Damaged status Not for loan Collection code Home library Current library Shelving location Date acquired Total Checkouts Full call number Barcode Date last seen Copy number Price effective from Koha item type
    Library of Congress Classification     Non-fiction City Campus Library City Campus Library General Stacks 09/15/2023   HM1033TUF 2005 B017513 09/15/2023 c.1 09/15/2023 Books